• 首页
  • 本馆介绍
  • 公告通知
  • 最新文献
  • 馆藏检索
  • 电子资源
  • 读者导购
  • 参考咨询
  • 我的图书馆
  • 登录
  • 详细信息显示
  • 放入我的书架
  • 预约/预借图书
  • 作者相关作品
  • 分类相关作品
  • 丛书相关作品
  • 出版社相关作品

书目信息

  • 表格格式
  • 工作单格式
  • 卡片格式
题名:
教皇史话
    
 
作者: 孙庆芳 著
分册:  
出版信息: 北京   商务印书馆  1985.07
页数: 73页
开本: 17cm
丛书名: 外国历史小丛书
单 册:
中图分类: K546.3
科图分类:
主题词: 南欧--历史
电子资源:
ISBN:
000 00603nam0 2200229 45
001 0405120832
005 20061115110406.57
010    @dCNY0.29
091    @a11017.690
100    @a20040512d1985 km y0chiy0120 ea
101 0  @achi
105    @a z 000yy
200 1  @a教皇史话@AJiao Huang Shi Hua@f孙庆芳著@FSun Qing Fang Zhu
210    @a北京@c商务印书馆@d1985.07
215    @a73页@d17cm
225    @a外国历史小丛书
410    @12001 @a外国历史小丛书
606 0  @a南欧@x历史
690    @aK546.3@v3
701  0 @a孙庆芳@4著
801    @aCN@bPftUser@c20061115
905    @f2@b216690-691@dK546.3@e5
    
    教皇史话/孙庆芳著.-北京:商务印书馆,1985.07
    73页;17cm.-(外国历史小丛书)
    
    
    ISBN :CNY0.29
    
●
相关链接 在E读中查询图书 在五车中查询图书 在当当中查询图书 在豆瓣中查询图书


正题名:教皇史话     索取号:K546.3/5         预约/预借

序号 登录号 条形码 馆藏地/架位号 状态 备注
1 0216690   001394841   第二借阅区/ [索取号:K546.3/5] 在馆    
2 0216691   001394805   第二借阅区/ [索取号:K546.3/5] 在馆    
3 0216692   001394887   第二样本阅览室/ [索取号:K546.3/5] 在馆    
唐山师范学院图书馆 欢迎您!
大连网信软件有限公司© 版权所有